Pótsorozás
Správa o konaní dodatočných vojenských odvodov v Humennom dňa 22.01.1914. Zo 60 brancov bolo 34 odvedených.
| Médium: | Článok |
|---|---|
| Jazyk: | Hungarian |
| Témy: | |
| Zdroj: |
1. Homonna és Vidéke : Hetilap 1. Roč. 14, č. 5 (01.02.1914) s. 2 |
| LEADER | 00825nab#a2200301#ar4500 | ||
|---|---|---|---|
| 001 | 000072283 | ||
| 003 | SVKKK | ||
| 005 | 20020607xxxxxxx. | ||
| 008 | 06 c xo huno | ||
| FMT | |||
| 038 | |a SVKKK | ||
| 040 | |a SVKKK |b slo |e AACR2 | ||
| 041 | 0 | |a hun | |
| 044 | |a xo |c SK | ||
| 080 | |a 355/359 | ||
| 242 | 1 | 0 | |a Dodatočné vojenské odvody |
| 245 | 0 | 0 | |a Pótsorozás |
| 500 | |a mikrofilm | ||
| 520 | 2 | |a Správa o konaní dodatočných vojenských odvodov v Humennom dňa 22.01.1914. Zo 60 brancov bolo 34 odvedených. | |
| 650 | 0 | 4 | |a vojsko - odvody dodatočné - Humenné - 22.01.1914 - správy |
| 773 | 0 | |t Homonna és Vidéke : Hetilap |g Roč. 14, č. 5 (01.02.1914) s. 2 | |
| 957 | |a Humenné | ||
| 958 | |a DG | ||
| 958 | |a SK | ||
| 974 | |a Ba |d 20020607 | ||
| 992 | |a RBX | ||
| BAS | |||
| 998 | |a RETRO | ||